Cities by suburb: USA 1 - Statistics

General Stats
  • This quiz has been taken 62 times
  • The average score is 9 of 13
Answer Stats
Hint Answer % Correct
Cow Hollow, Japantown, Twin Peaks, Inner Sunset San Francisco
89%
Jamaica Hills, Chestnut Hill Village, Jones Hill, Meeting House Hill Boston
84%
Grosse Pointe, Canton, Wayne Detroit
82%
West Jordan, Zions Park, Bluffdale, Holladay Salt Lake City
82%
Gentilly, Irish Channel, Plum Orchard, Bayou St John New Orleans
80%
Round Lake, Monee, Lake in the Hills Chicago
78%
Fauntleroy, Factoria, Bitter Lake, Totem Lake Seattle
78%
Just Us, Peoplestown, Mechanicsville, Wildwood Atlanta
71%
Little Canada, Powderhorn, Frogtown Minneapolis
69%
Nicetown - Tioga, Germantown, Chinatown, Grays Ferry Philadelphia
67%
Fort Shafter, Ewa Gentry, Niu Valley, Pacific Heights Honolulu
44%
West Bottoms, Wendell Phillips, Valentine, Argentine Kansas City
42%
Huguenot, Scott's Addition, Three Chopt, Chimborazo Richmond
24%
No matching quizzes found
Score Distribution
Percent of People with Each Score
Percentile by Number Answered
Your Score History
You have not taken this quiz